000 00552nam a22002057a 4500
003 OSt
005 20140310183130.0
008 130531t xxu||||| |||| 00| 0 eng d
020 _a9719281103
050 _aNA 7442
_b.Al366 2003
082 _aFIL 728.8059916
_bAl366 2003
245 _aTahanan
_bA house reborn
_cAlejandro, Reynaldo G.
260 _aMalabon City
_bDuende Publishing
_cc2003
300 _a195 p.
_bphoto
_c30 cm.
521 _aCollege students
526 _c1210L-1700L
541 _j1
562 _e1
942 _2lcc
_cBK
_kFIL
999 _c19121
_d19121